[Event "POL-chT U19 2nd League"]
[Site "Szczyrk"]
[Date "2014.07.29"]
[Round "7.73"]
[White "Karpacz, Piotr"]
[Black "Drabek, Jan"]
[Result "0-1"]
[WhiteElo "1761"]
[BlackElo "1632"]
[PlyCount "52"]
[EventDate "2014.07.25"]
[EventType "team-swiss"]
[EventRounds "11"]
[EventCountry "POL"]
[SourceTitle "EXT 2015"]
[Source "ChessBase"]
[SourceDate "2014.11.20"]
[SourceVersion "1"]
[SourceVersionDate "2014.11.20"]
[SourceQuality "1"]
[WhiteTeam "Katowice UKS Palac Mlodziezy U19"]
[BlackTeam "Krosno KKSz Urania U19"]
[WhiteTeamCountry "POL"]
[BlackTeamCountry "POL"]

1. d4 d5 2. c4 dxc4 3. e3 Nf6 4. Nc3 e6 5. Bxc4 Be7 6. Nf3 0-0 7. 0-0 Nc6 8. a3 b6 9. b4 Bb7 10. Bb2 Bd6 11. e4 e5 12. d5 Ne7 13. Qe2 Ng6 14. Bc1 Nh5 15. g3 a6 16. Ne1 Nf6 17. Nd3 Re8 18. Bb2 Nd7 19. Nd1 b5 20. Bb3 c5 21. bxc5 Nxc5 22. Nxc5 Bxc5 23. Ne3 Qg5 24. Ng2 Bc8 25. h4 Qxg3 26. Kh1 Qxb3 0-1

[Event "POL Region-ch U15"]
[Site "Szczyrk"]
[Date "2012.10.21"]
[Round "6.2"]
[White "Karpacz, Piotr"]
[Black "Klimek, Piotr"]
[Result "1/2-1/2"]
[WhiteElo "1822"]
[BlackElo "1773"]
[PlyCount "61"]
[EventDate "2012.10.14"]
[EventType "swiss"]
[EventRounds "9"]
[EventCountry "POL"]
[SourceTitle "EXT 2023"]
[Source "ChessBase"]
[SourceDate "2022.10.05"]
[SourceVersion "1"]
[SourceVersionDate "2022.10.05"]
[SourceQuality "1"]

1. d4 e6 2. c4 f5 3. g3 Nf6 4. Bg2 Bb4+ 5. Bd2 Qe7 6. a3 Bxd2+ 7. Nxd2 0-0 8. e3 d6 9. Ne2 Nbd7 10. 0-0 e5 11. dxe5 dxe5 12. e4 Nc5 13. Nc3 f4 14. gxf4 exf4 15. b4 Nd3 16. Qe2 Ne5 17. f3 c6 18. Na4 Rd8 19. Rfd1 Be6 20. Nb2 Qf7 21. Rac1 Rd4 22. Bf1 Qh5 23. Bg2 g5 24. Nb3 Rxd1+ 25. Rxd1 g4 26. Nd4 gxf3 27. Nxf3 Bg4 28. Rf1 Re8 29. Nd3 Nxf3+ 30. Bxf3 Bxf3 31. Qxf3 1/2-1/2

[Event "POL Region-ch U15"]
[Site "Szczyrk"]
[Date "2012.10.21"]
[Round "2.3"]
[White "Karpacz, Piotr"]
[Black "Pawlowski, Maciej"]
[Result "1-0"]
[WhiteElo "1822"]
[BlackElo "1716"]
[PlyCount "49"]
[EventDate "2012.10.14"]
[EventType "swiss"]
[EventRounds "9"]
[EventCountry "POL"]
[SourceTitle "EXT 2023"]
[Source "ChessBase"]
[SourceDate "2022.10.05"]
[SourceVersion "1"]
[SourceVersionDate "2022.10.05"]
[SourceQuality "1"]

1. d4 Nf6 2. c4 e6 3. Nc3 Bb4 4. e3 c5 5. Bd3 0-0 6. Nge2 Nc6 7. 0-0 d5 8. cxd5 exd5 9. a3 cxd4 10. exd4 Bd6 11. h3 a6 12. Bg5 Be6 13. f4 Be7 14. Bc2 b5 15. Qd3 g6 16. f5 Bc8 17. fxg6 fxg6 18. Bxf6 Bxf6 19. Nxd5 Bf5 20. Nxf6+ Rxf6 21. Qb3+ Be6 22. Qe3 Rxf1+ 23. Rxf1 Qd7 24. Bb3 Re8 25. d5 1-0

[Event "POL-chT U19 1st League"]
[Site "Suchedniow"]
[Date "2012.07.??"]
[Round "1"]
[White "Karpacz, Piotr"]
[Black "Sernecki, Franciszek"]
[Result "1-0"]
[WhiteElo "1787"]
[BlackElo "1601"]
[PlyCount "143"]
[EventDate "2012.07.21"]
[EventType "team-swiss"]
[EventRounds "9"]
[EventCountry "POL"]
[SourceTitle "EXT 2014"]
[Source "ChessBase"]
[SourceDate "2013.11.20"]
[SourceVersion "1"]
[SourceVersionDate "2013.11.20"]
[SourceQuality "1"]
[WhiteTeam "Katowice Hetman Szopienice U19"]
[BlackTeam "Wroclaw MUKS MDK Srodmiescie U19"]
[WhiteTeamCountry "POL"]
[BlackTeamCountry "POL"]

1. d4 d5 2. c4 e6 3. Nc3 Nf6 4. cxd5 exd5 5. Bg5 Bb4 6. e3 h6 7. Bh4 0-0 8. Bd3 Be6 9. Nge2 c5 10. 0-0 Nbd7 11. Rc1 Rc8 12. Bb1 cxd4 13. exd4 Qb6 14. Na4 Qd6 15. a3 Ba5 16. b4 Bb6 17. Bg3 Qe7 18. Nc5 Nxc5 19. dxc5 Bc7 20. Nd4 Bxg3 21. hxg3 Qd7 22. Bd3 a6 23. a4 Ra8 24. c6 bxc6 25. Nxc6 Rfc8 26. b5 axb5 27. Bxb5 Qd6 28. Qe2 Kh8 29. Nd4 Rab8 30. Qd3 Ne4 31. Rfe1 Nc5 32. Qe3 Ne4 33. Nc6 Ra8 34. Qd4 Nf6 35. Nb4 Rab8 36. Nd3 Rxc1 37. Rxc1 Rc8 38. Rxc8+ Bxc8 39. Qc5 Qxc5 40. Nxc5 Ne4 41. Nxe4 dxe4 42. Kf1 Kg8 43. Ke2 Kf8 44. Ke3 Bb7 45. Kd4 Ke7 46. Bc4 f5 47. Ke5 g6 48. a5 Kd8 49. Kf6 e3 50. fxe3 Bxg2 51. Kxg6 Be4 52. Kxh6 Kc7 53. Kg5 Kd6 54. Kf4 Bc2 55. a6 Kc7 56. Be6 Bd3 57. a7 Kb7 58. Bxf5 Bb5 59. a8Q+ Kxa8 60. g4 Kb7 61. g5 Be8 62. g6 Kc7 63. g7 Bf7 64. Bh7 Kd7 65. g8Q Bxg8 66. Bxg8 Kd6 67. Kf5 Ke7 68. Ba2 Ke8 69. e4 Ke7 70. e5 Ke8 71. Ke6 Kf8 72. Kd7 1-0

[Event "POL-chT U19 1st League"]
[Site "Suchedniow"]
[Date "2012.07.??"]
[Round "4"]
[White "Krzeminski, Sebastian"]
[Black "Karpacz, Piotr"]
[Result "0-1"]
[WhiteElo "1747"]
[BlackElo "1787"]
[PlyCount "74"]
[EventDate "2012.07.21"]
[EventType "team-swiss"]
[EventRounds "9"]
[EventCountry "POL"]
[SourceTitle "EXT 2014"]
[Source "ChessBase"]
[SourceDate "2013.11.20"]
[SourceVersion "1"]
[SourceVersionDate "2013.11.20"]
[SourceQuality "1"]
[WhiteTeam "Wieliczka MKS MOS U19"]
[BlackTeam "Katowice Hetman Szopienice U19"]
[WhiteTeamCountry "POL"]
[BlackTeamCountry "POL"]

1. d4 d5 2. c4 e6 3. Nf3 c6 4. Nc3 dxc4 5. a4 Bb4 6. e3 b5 7. Bd2 a5 8. Be2 Bb7 9. 0-0 Nf6 10. Qc2 Bxc3 11. bxc3 0-0 12. Rfb1 Ne8 13. e4 Ra7 14. Bf4 Nd7 15. axb5 cxb5 16. Rxb5 Bc6 17. Rb2 Nef6 18. Nd2 Nb6 19. Bg5 Qc7 20. e5 Nfd5 21. Ne4 h6 22. Bh4 Nf4 23. Bf3 Nd3 24. Rba2 Nd5 25. Nd6 Rb8 26. Nxc4 N3b4 27. cxb4 Nxb4 28. Qd2 Nxa2 29. Qxa2 Bxf3 30. gxf3 Rb4 31. Nd6 Qc3 32. Qa3 Rb1+ 33. Kg2 Qxa1 34. Qxa1 Rxa1 35. Bd8 a4 36. Bb6 Ra6 37. Bc5 a3 0-1

[Event "POL-chT U19 1st League"]
[Site "Suchedniow"]
[Date "2012.07.??"]
[Round "7"]
[White "Rosicki, Marcin"]
[Black "Karpacz, Piotr"]
[Result "1-0"]
[WhiteElo "1665"]
[BlackElo "1787"]
[PlyCount "47"]
[EventDate "2012.07.21"]
[EventType "team-swiss"]
[EventRounds "9"]
[EventCountry "POL"]
[SourceTitle "EXT 2014"]
[Source "ChessBase"]
[SourceDate "2013.11.20"]
[SourceVersion "1"]
[SourceVersionDate "2013.11.20"]
[SourceQuality "1"]
[WhiteTeam "Jaworzno JKSz MCKiS U19"]
[BlackTeam "Katowice Hetman Szopienice U19"]
[WhiteTeamCountry "POL"]
[BlackTeamCountry "POL"]

1. e4 e6 2. Nf3 d5 3. Nc3 Nf6 4. e5 Nfd7 5. d4 c5 6. dxc5 Nc6 7. Bf4 Bxc5 8. Bd3 a6 9. 0-0 f6 10. exf6 Nxf6 11. Qe2 0-0 12. Rae1 b5 13. a3 Bd7 14. Ne5 Nxe5 15. Bxe5 Qb6 16. Nd1 Rae8 17. Ne3 Re7 18. Ng4 Nxg4 19. Qxg4 Bxf2+ 20. Kh1 Bxe1 21. Bxh7+ Kxh7 22. Qh5+ Kg8 23. Rxf8+ Kxf8 24. Qh8+ 1-0

[Event "Solina Mind Sports U14 op"]
[Site "Solina"]
[Date "2012.04.19"]
[Round "6"]
[White "Karpacz, Piotr"]
[Black "Zadlo, Maciej"]
[Result "0-1"]
[WhiteElo "1801"]
[BlackElo "1719"]
[PlyCount "64"]
[EventDate "2012.04.15"]
[EventType "swiss"]
[EventRounds "9"]
[EventCountry "POL"]
[SourceTitle "EXT 2014"]
[Source "ChessBase"]
[SourceDate "2013.11.20"]
[SourceVersion "1"]
[SourceVersionDate "2013.11.20"]
[SourceQuality "1"]

1. d4 d5 2. c4 c6 3. Nc3 Nf6 4. cxd5 cxd5 5. Bf4 a6 6. e3 Bf5 7. h3 Nc6 8. Bd3 Bxd3 9. Qxd3 e6 10. Nf3 Be7 11. 0-0 0-0 12. Rac1 Rc8 13. Na4 Ne4 14. Nc5 Bxc5 15. dxc5 Qa5 16. Qb1 e5 17. Bh2 f6 18. Rfd1 Rfd8 19. a3 Ne7 20. Rc2 Qa4 21. b4 a5 22. Qb2 b6 23. Nd2 bxc5 24. Nxe4 dxe4 25. Qc1 Rxd1+ 26. Qxd1 axb4 27. axb4 Qxb4 28. Rc1 c4 29. Qc2 c3 30. f3 Nd5 31. Qxe4 Qxe4 32. fxe4 Nb4 0-1

[Event "Solina Mind Sports U14 op"]
[Site "Solina"]
[Date "2012.04.17"]
[Round "3"]
[White "Karpacz, Piotr"]
[Black "Drabek, Jan"]
[Result "1/2-1/2"]
[WhiteElo "1801"]
[BlackElo "1696"]
[PlyCount "107"]
[EventDate "2012.04.15"]
[EventType "swiss"]
[EventRounds "9"]
[EventCountry "POL"]
[SourceTitle "EXT 2014"]
[Source "ChessBase"]
[SourceDate "2013.11.20"]
[SourceVersion "1"]
[SourceVersionDate "2013.11.20"]
[SourceQuality "1"]

1. d4 g6 2. c4 Bg7 3. Nc3 c5 4. d5 Bxc3+ 5. bxc3 f5 6. g3 Nf6 7. Bg2 Qa5 8. Bd2 d6 9. e3 Nbd7 10. Nf3 Ne4 11. Qb3 Nb6 12. Bf1 Bd7 13. a3 Ba4 14. Qb2 Nd7 15. Bd3 Rb8 16. 0-0 Ndf6 17. Rfb1 Qc7 18. Qc1 0-0 19. Be1 Qd7 20. Bc2 Rfc8 21. Qd1 Bxc2 22. Qxc2 e6 23. dxe6 Qxe6 24. Qd3 Rd8 25. Rd1 Nd7 26. Qd5 Kf7 27. Qd3 Nb6 28. Nd2 Nxd2 29. Rxd2 Nxc4 30. Re2 Qe4 31. Qxe4 fxe4 32. a4 a6 33. Kg2 Ke6 34. a5 b5 35. axb6 Rxb6 36. Ra4 d5 37. Rea2 Ra8 38. Bd2 a5 39. f3 Rb2 40. Rxb2 exf3+ 41. Kxf3 Nxb2 42. Ra2 Nc4 43. Ke2 Rb8 44. Bc1 Rb3 45. Kd3 Ke5 46. e4 Rb1 47. Bf4+ Ke6 48. exd5+ Kxd5 49. Kc2 Rh1 50. Kb3 Rb1+ 51. Kc2 Rb7 52. h4 Ra7 53. Kb3 Rb7+ 54. Kc2 1/2-1/2

[Event "Solina Mind Sports U14 op"]
[Site "Solina"]
[Date "2012.04.16"]
[Round "2"]
[White "Piotrowski, Przemyslaw"]
[Black "Karpacz, Piotr"]
[Result "1-0"]
[WhiteElo "1991"]
[BlackElo "1801"]
[PlyCount "97"]
[EventDate "2012.04.15"]
[EventType "swiss"]
[EventRounds "9"]
[EventCountry "POL"]
[SourceTitle "EXT 2014"]
[Source "ChessBase"]
[SourceDate "2013.11.20"]
[SourceVersion "1"]
[SourceVersionDate "2013.11.20"]
[SourceQuality "1"]

1. e4 c5 2. Nf3 e6 3. d4 cxd4 4. Nxd4 a6 5. Bd3 Ne7 6. 0-0 Nbc6 7. Be3 g6 8. Nd2 Bg7 9. c3 0-0 10. N2b3 d6 11. Qe2 Ne5 12. Rad1 Nxd3 13. Qxd3 Qc7 14. Nc2 Rd8 15. Bc5 d5 16. Ne3 Bh6 17. Bxe7 Qxe7 18. exd5 Bxe3 19. Qxe3 Qc7 20. Qf3 Rxd5 21. Rxd5 exd5 22. Qxd5 Be6 23. Qf3 Qb6 24. Qf6 Re8 25. Rd1 Qb5 26. Rd8 Bxb3 27. axb3 Qd7 28. Rxe8+ Qxe8 29. h3 Qe1+ 30. Kh2 Qd2 31. c4 h5 32. h4 a5 33. f3 Qb4 34. Qd8+ Kg7 35. Qd3 Qc5 36. Qd2 b6 37. g3 Kh7 38. Kg2 Qe5 39. Kf2 Qe7 40. Qd5 Kg8 41. f4 Qc5+ 42. Qxc5 bxc5 43. Ke3 f5 44. b4 cxb4 45. b3 Kf7 46. Kd4 a4 47. bxa4 Ke6 48. c5 b3 49. Kc3 1-0

[Event "Rewal op-B 16th"]
[Site "Rewal"]
[Date "2011.08.24"]
[Round "5"]
[White "Karpacz, Piotr"]
[Black "Poswiatowski, Michal"]
[Result "1/2-1/2"]
[WhiteElo "1739"]
[BlackElo "1971"]
[PlyCount "53"]
[EventDate "2011.08.18"]
[EventType "swiss"]
[EventRounds "9"]
[EventCountry "POL"]
[SourceTitle "CBM 144 Extra"]
[Source "ChessBase"]
[SourceDate "2011.10.28"]
[SourceVersion "1"]
[SourceVersionDate "2011.10.28"]
[SourceQuality "1"]

1. d4 c5 2. d5 d6 3. c4 g6 4. e4 Bg7 5. Ne2 f5 6. exf5 Bxf5 7. Nbc3 Nf6 8. Ng3 Bd7 9. Bd3 0-0 10. 0-0 e5 11. f3 Na6 12. a3 Nc7 13. Nce4 Nce8 14. Be3 Kh8 15. b4 b6 16. Qb3 Qc7 17. Rab1 Nxe4 18. Nxe4 Bf5 19. Ng3 Bxd3 20. Qxd3 Nf6 21. Bg5 Nd7 22. Ne4 Bf6 23. Bh6 Rfe8 24. Rfc1 Kg8 25. bxc5 bxc5 26. Qb3 Be7 27. Qb7 1/2-1/2

[Event "Rewal op-B 16th"]
[Site "Rewal"]
[Date "2011.08.21"]
[Round "2"]
[White "Nikitin, Aleksander I"]
[Black "Karpacz, Piotr"]
[Result "1-0"]
[WhiteElo "2081"]
[BlackElo "1739"]
[PlyCount "65"]
[EventDate "2011.08.18"]
[EventType "swiss"]
[EventRounds "9"]
[EventCountry "POL"]
[SourceTitle "CBM 144 Extra"]
[Source "ChessBase"]
[SourceDate "2011.10.28"]
[SourceVersion "1"]
[SourceVersionDate "2011.10.28"]
[SourceQuality "1"]

1. d4 e6 2. Nf3 f5 3. c4 Nf6 4. g3 b6 5. Bg2 Bb7 6. 0-0 Be7 7. d5 exd5 8. Nh4 g6 9. cxd5 0-0 10. d6 Bxg2 11. dxe7 Qxe7 12. Nxg2 d5 13. Nc3 c6 14. b3 Nbd7 15. Bb2 Ne5 16. Qd4 Ned7 17. Nf4 Qf7 18. e3 Rfe8 19. Rad1 Rad8 20. Qa4 Ne5 21. Nce2 Nfg4 22. Bxe5 Nxe5 23. Nd3 Nxd3 24. Rxd3 Qb7 25. Rc1 Rc8 26. Nd4 Kf7 27. Rxc6 Qe7 28. Rdc3 Rxc6 29. Nxc6 Qf6 30. Qxa7+ Kg8 31. Nd4 f4 32. Qd7 Qe5 33. Rc7 1-0

[Event "Rewal op-B 16th"]
[Site "Rewal"]
[Date "2011.08.19"]
[Round "1"]
[White "Karpacz, Piotr"]
[Black "Borowicz, Przemyslaw"]
[Result "1/2-1/2"]
[WhiteElo "1739"]
[BlackElo "1989"]
[PlyCount "78"]
[EventDate "2011.08.18"]
[EventType "swiss"]
[EventRounds "9"]
[EventCountry "POL"]
[SourceTitle "CBM 144 Extra"]
[Source "ChessBase"]
[SourceDate "2011.10.28"]
[SourceVersion "1"]
[SourceVersionDate "2011.10.28"]
[SourceQuality "1"]

1. d4 d5 2. c4 c6 3. Nc3 Nf6 4. cxd5 cxd5 5. Bg5 e6 6. e3 Nbd7 7. Nf3 Bd6 8. Bd3 0-0 9. 0-0 h6 10. Bh4 a6 11. Rc1 b5 12. a3 Bb7 13. Nd2 Qb6 14. Bg3 Bxg3 15. hxg3 Rac8 16. b4 Rc6 17. Nb3 Qc7 18. Nc5 Nb6 19. a4 Nxa4 20. N3xa4 bxa4 21. Qxa4 Rc8 22. Ra1 Rd8 23. Bxa6 Bxa6 24. Nxa6 Qb6 25. Nc5 Rb8 26. Rfb1 Qb5 27. Qc2 Rcb6 28. Rc1 Rc8 29. Rab1 Ne4 30. Qd3 Qxd3 31. Nxd3 Rc4 32. Kh2 Kf8 33. Ne5 Rxc1 34. Rxc1 Rxb4 35. Rc8+ Ke7 36. Rc7+ Ke8 37. Rc8+ Ke7 38. Rc7+ Ke8 39. Rc8+ Ke7 1/2-1/2

[Event "Podlaskie-ch U15 17th"]
[Site "Suwalki"]
[Date "2011.04.20"]
[Round "9"]
[White "Kulas, Szymon"]
[Black "Karpacz, Piotr"]
[Result "1/2-1/2"]
[WhiteElo "1966"]
[BlackElo "1747"]
[PlyCount "94"]
[EventDate "2011.04.14"]
[EventType "swiss"]
[EventRounds "10"]
[EventCountry "POL"]
[SourceTitle "EXT 2012"]
[Source "ChessBase"]
[SourceDate "2011.11.24"]
[SourceVersion "1"]
[SourceVersionDate "2011.11.24"]
[SourceQuality "1"]

1. e4 e6 2. d4 d5 3. Nc3 Bb4 4. e5 c5 5. a3 Bxc3+ 6. bxc3 Qa5 7. Bd2 Qa4 8. Qg4 g6 9. h4 h5 10. Qf4 Qxc2 11. Rh3 Qb2 12. Rc1 Ne7 13. Qf6 Rh7 14. Nf3 Nf5 15. Bd3 Nd7 16. Qg5 Nf8 17. Bxf5 exf5 18. Qf6 Qb6 19. Ng5 Qxf6 20. exf6 Rh8 21. Re3+ Be6 22. Re5 0-0-0 23. c4 dxc4 24. Rxc5+ Kb8 25. Bf4+ Ka8 26. Be5 Nd7 27. Nxe6 Nxc5 28. Nxc5 b6 29. Na6 Kb7 30. Nc7 Rd7 31. Rxc4 Rc8 32. Kd2 Rcxc7 33. Bxc7 Rxc7 34. Rxc7+ Kxc7 35. Kd3 Kd6 36. Kc4 a6 37. f4 Kc6 38. a4 Kd6 39. g3 Kc6 40. Kc3 Kd5 41. Kd3 Kc6 42. Kc4 Kd6 43. Kc3 Kd5 44. Kd3 Ke6 45. Kc4 Kd6 46. Kc3 Kd5 47. Kd3 b5 1/2-1/2

[Event "Podlaskie-ch U15 17th"]
[Site "Suwalki"]
[Date "2011.04.18"]
[Round "7"]
[White "Czajkowski, Adam"]
[Black "Karpacz, Piotr"]
[Result "0-1"]
[WhiteElo "1802"]
[BlackElo "1747"]
[PlyCount "62"]
[EventDate "2011.04.14"]
[EventType "swiss"]
[EventRounds "10"]
[EventCountry "POL"]
[SourceTitle "EXT 2012"]
[Source "ChessBase"]
[SourceDate "2011.11.24"]
[SourceVersion "1"]
[SourceVersionDate "2011.11.24"]
[SourceQuality "1"]

1. e4 c5 2. Nf3 e6 3. d4 cxd4 4. Nxd4 a6 5. Bd3 Ne7 6. Nb3 Nbc6 7. Nc3 g6 8. 0-0 Bg7 9. f4 d6 10. Kh1 0-0 11. Bd2 Qc7 12. Qe2 b5 13. Nd1 Bb7 14. Bc3 Bxc3 15. Nxc3 Nb4 16. Rad1 Nxd3 17. Rxd3 Qc6 18. f5 exf5 19. Nd4 Qd7 20. exf5 Nxf5 21. Nxf5 gxf5 22. Qd2 Qe7 23. Rxf5 Rae8 24. Rf1 Kh8 25. Rxd6 Rg8 26. Rd5 b4 27. Nd1 Bxd5 28. Qxd5 Qe2 29. Qd4+ Rg7 30. Qg1 Qxc2 31. Ne3 Rxe3 0-1

[Event "POL-chT U19 2nd League"]
[Site "Chelm Lubelski"]
[Date "2010.07.06"]
[Round "2"]
[White "Karpacz, Piotr"]
[Black "Orzechowski, Michal"]
[Result "1-0"]
[WhiteElo "1716"]
[BlackElo "1605"]
[PlyCount "47"]
[EventDate "2010.07.06"]
[EventType "team-tourn"]
[EventRounds "11"]
[EventCountry "POL"]
[SourceTitle "EXT 2011"]
[Source "ChessBase"]
[SourceDate "2010.11.26"]
[SourceVersion "1"]
[SourceVersionDate "2010.11.26"]
[SourceQuality "1"]
[WhiteTeam "Katowice UKS Palac Mlodziezy U19"]
[BlackTeam "Jastrzebie Zdroj Pionier U19"]
[WhiteTeamCountry "POL"]
[BlackTeamCountry "POL"]

1. d4 d5 2. c4 dxc4 3. Nc3 Nf6 4. e3 Nc6 5. Bxc4 e6 6. Nf3 Bb4 7. 0-0 0-0 8. Qe2 b6 9. a3 Bd6 10. Rd1 Bb7 11. b4 Re8 12. Bb2 e5 13. dxe5 Nxe5 14. Nxe5 Rxe5 15. Nd5 Rg5 16. Bxf6 gxf6 17. f4 Rg6 18. e4 c6 19. Ne3 Qe7 20. Nf5 Qc7 21. Nxd6 Rg7 22. Nxb7 Qxb7 23. Rd6 Rg6 24. Rad1 1-0

[Event "POL-ch U12"]
[Site "Leba"]
[Date "2009.03.17"]
[Round "6"]
[White "Karpacz, Piotr"]
[Black "Sliwicki, Damian"]
[Result "0-1"]
[WhiteElo "1640"]
[BlackElo "1738"]
[PlyCount "82"]
[EventDate "2009.03.14"]
[EventType "swiss"]
[EventRounds "11"]
[EventCountry "POL"]
[SourceTitle "EXT 2010"]
[Source "ChessBase"]
[SourceDate "2010.11.25"]
[SourceVersion "1"]
[SourceVersionDate "2010.11.25"]
[SourceQuality "1"]

1. d4 Nf6 2. b3 d5 3. Bb2 Bf5 4. e3 e6 5. Bd3 Bxd3 6. cxd3 Nc6 7. f4 Be7 8. Nf3 0-0 9. 0-0 Nd7 10. Nbd2 f6 11. a3 Bd6 12. b4 a6 13. Nb3 b6 14. Rc1 Ne7 15. Qd2 Ng6 16. h4 f5 17. Qf2 Nf6 18. Qg3 Ng4 19. Rce1 Be7 20. h5 Nh4 21. Ne5 Nxe5 22. dxe5 Qe8 23. Nd4 Bd8 24. Rc1 c5 25. bxc5 bxc5 26. Rxc5 Bb6 27. Rc2 Bxd4 28. Bxd4 Qxh5 29. Rc6 Rac8 30. Rfc1 Rxc6 31. Rxc6 Rb8 32. Bb6 Qe8 33. Rd6 Ng6 34. Qg5 h6 35. Qh5 Kh7 36. Qd1 Qb5 37. a4 Qb2 38. Bd4 Qa2 39. Qh5 Rb1+ 40. Kh2 Qf2 41. Rxe6 Qg1+ 0-1

[Event "POL-ch U12"]
[Site "Leba"]
[Date "2009.03.17"]
[Round "5"]
[White "Ulanowski, Karol"]
[Black "Karpacz, Piotr"]
[Result "0-1"]
[WhiteElo "1759"]
[BlackElo "1640"]
[PlyCount "54"]
[EventDate "2009.03.14"]
[EventType "swiss"]
[EventRounds "11"]
[EventCountry "POL"]
[SourceTitle "EXT 2010"]
[Source "ChessBase"]
[SourceDate "2010.11.25"]
[SourceVersion "1"]
[SourceVersionDate "2010.11.25"]
[SourceQuality "1"]

1. e4 e6 2. d4 d5 3. Nc3 Bb4 4. e5 c5 5. a3 Bxc3+ 6. bxc3 Ne7 7. Qg4 Qc7 8. Qxg7 Rg8 9. Qxh7 cxd4 10. Qd3 dxc3 11. f4 Bd7 12. Ne2 Nbc6 13. Nxc3 a6 14. Be3 Rc8 15. Bd2 Na5 16. h4 Nc4 17. Ra2 Nf5 18. Rh3 Bc6 19. a4 Nxd2 20. Qxd2 Qb6 21. Nd1 Qc5 22. Nf2 Ng3 23. Bd3 Ne4 24. Bxe4 dxe4 25. Rc3 Qb4 26. Nd1 Rd8 27. Qe3 Qb1 0-1

[Event "POL-ch U12"]
[Site "Leba"]
[Date "2009.03.14"]
[Round "1"]
[White "Kaczmarek, Aleksander"]
[Black "Karpacz, Piotr"]
[Result "1-0"]
[WhiteElo "1886"]
[BlackElo "1640"]
[PlyCount "73"]
[EventDate "2009.03.14"]
[EventType "swiss"]
[EventRounds "11"]
[EventCountry "POL"]
[SourceTitle "EXT 2010"]
[Source "ChessBase"]
[SourceDate "2010.11.25"]
[SourceVersion "1"]
[SourceVersionDate "2010.11.25"]
[SourceQuality "1"]

1. e4 e6 2. d4 d5 3. Nd2 Nf6 4. e5 Nfd7 5. Ngf3 c5 6. c3 Nc6 7. Bd3 Be7 8. 0-0 h6 9. Bb1 a6 10. Nb3 b5 11. Ne1 cxd4 12. cxd4 a5 13. Qg4 Bf8 14. Be3 b4 15. f4 Ne7 16. Bf2 Ba6 17. Nd3 a4 18. Nd2 Qb6 19. Nf3 Nf5 20. Rd1 0-0-0 21. Rc1+ Kb8 22. Nc5 h5 23. Qh3 Nxc5 24. dxc5 Qc6 25. Bxf5 exf5 26. Qxf5 Rd7 27. Nd4 Qc8 28. c6 Rc7 29. Qc2 Be7 30. Qxa4 Rh6 31. a3 b3 32. Qxb3+ Ka8 33. Qe3 Rg6 34. a4 Qb8 35. e6 Bf6 36. Nb5 d4 37. Qe4 1-0

[Event "POL-chT3 U19 Slaska"]
[Site "Slask"]
[Date "2007.04.22"]
[Round "8.16"]
[White "Karpacz, Piotr"]
[Black "Szolc, Grzegorz"]
[Result "1-0"]
[WhiteElo "1400"]
[BlackElo "1800"]
[PlyCount "79"]
[EventDate "2007.01.27"]
[EventType "team-tourn"]
[EventRounds "11"]
[EventCountry "POL"]
[SourceTitle "EXT 2019"]
[Source "ChessBase"]
[SourceDate "2018.10.10"]
[SourceVersion "1"]
[SourceVersionDate "2018.10.10"]
[SourceQuality "1"]
[WhiteTeam "Katowice UKS Palac Mlodziezy U19"]
[BlackTeam "Gliwice Politechnika Slaska U19 II"]
[WhiteTeamCountry "POL"]
[BlackTeamCountry "POL"]

1. d4 d5 2. c3 Nf6 3. Nf3 g6 4. Bf4 Bg7 5. e3 0-0 6. Bd3 Nc6 7. h3 Re8 8. 0-0 b6 9. Nbd2 Bb7 10. c4 dxc4 11. Bxc4 e6 12. Rc1 Ne7 13. Bb3 c6 14. Nc4 Nc8 15. Nfe5 Ne4 16. f3 Nf6 17. Qc2 Nd5 18. Bh2 b5 19. Nd2 Nxe3 20. Qc3 Nxf1 21. Kxf1 Ne7 22. Ne4 Nd5 23. Qc5 Qb6 24. Nd7 Qxc5 25. dxc5 Bxb2 26. Rb1 Bg7 27. Bxd5 exd5 28. Nef6+ Bxf6 29. Nxf6+ Kg7 30. Nxe8+ Rxe8 31. a4 a6 32. axb5 axb5 33. Ra1 Ra8 34. Re1 Kf6 35. Bd6 Ra2 36. Re7 Ba8 37. f4 b4 38. Re8 b3 39. g4 b2 40. Be5# 1-0